Top 30 : Kaaris - Statistiques

Statistiques générales
  • Ce quiz a été pris 146 fois
  • Le résultat moyen est 12 sur 30
Statistiques - réponses
Top Titres Featuring % Correct
5 Kalash Booba
88%
8 Zoo
87%
2 Arrêt du cœur Kalash Criminel
85%
3 Tchoin
79%
1 Diarabi
63%
7 Bling Bling Kalash Criminel, Sofiane
58%
14 Or Noir
57%
6 Panama Hamza
53%
9 Chargé
51%
29 Crystal Future
50%
4 Gun salute
50%
20 Bizon
49%
13 Apocalypse Kalash Criminel, Freeze Corleone
48%
22 Bouchon De Liège
43%
15 Se-vrak
42%
12 Blow
35%
24 soldat tue soldat Alpha Wann, Infinit'
31%
19 Nador
25%
11 Goulag
23%
25 Château noir
20%
17 Poussière
19%
26 Dozo
18%
16 Les galactiques Rohff, Soso Maness, Jul, Naps, GIMS, Alonzo, Le classico organisé
14%
10 Boyz N The Hood
13%
23 1er coeur GIMS
12%
27 NRV
12%
18 Illimité
11%
28 Octogone
10%
21 Débrouillard
3%
30 Je suis gninnin, je suis bien
2%
Aucun quiz correspondant
Distribution des résultats
% des personnes avec chaque résultat
Percentile par nombre de réponses
Votre historique - résultats
Vous n’avez pas pris ce quiz